Joseph Andrews
Αποθηκεύτηκε σε:
| Κύριος συγγραφέας: | |
|---|---|
| Μορφή: | Βιβλίο |
| Γλώσσα: | Αγγλικά |
| Έκδοση: |
Nueva York
New American Library
1960
|
| Σειρά: | Signet Classic
|
| Θέματα: | |
| Ετικέτες: |
Προσθήκη ετικέτας
Δεν υπάρχουν, Καταχωρήστε ετικέτα πρώτοι!
|
MARC
| LEADER | 00000nam a2200000 a 4500 | ||
|---|---|---|---|
| 001 | UCQ3841 | ||
| 003 | CL-VaPUC | ||
| 008 | 980828e19600000US |||||||||||||||||eng|d | ||
| 082 | 0 | 4 | |a 823 |b FIE |2 21 |
| 100 | 0 | |a Fielding, Henry |e author |9 321128 | |
| 245 | 1 | 0 | |a Joseph Andrews |
| 300 | |a 319 p | ||
| 942 | |c BK | ||
| 945 | |d 19980828 00:00:00 |a crobeson | ||
| 260 | |a Nueva York |b New American Library |c 1960 | ||
| 650 | 0 | |a Novelas inglesas |9 265220 | |
| 650 | 0 | |a Literatura inglesa |9 312907 | |
| 583 | |a last modification |c 19980828 00:00:00 |k Rodrigo Vera | ||
| 490 | 0 | |a Signet Classic | |
| 999 | |c 274353 |d 274351 | ||
| 952 | |0 0 |1 0 |4 0 |6 823_000000000000000_FIE_1960 |7 0 |8 A |9 310505 |a BIBEDU |b BIBEDU |d 2019-11-20 |i 145885K |o 823 FIE 1960 |p 145885K |r 2019-11-20 |w 2019-11-20 |y BK |k LIT | ||